000 00933nam a22002537a 4500
001 10051
003 FISKH
005 20260402090557.0
008 260402b cb ||||| |||| 00| 0 eng d
020 _a9780545688185
040 _aFISKH
_beng
_cFISKH
_dFISKH
050 _aPR4611 .J3
082 _a821.8
100 _aCarroll , Lewis
245 _aJabberwocky :
_bThe classic poem from Lewis Carroll's through the looking-class , and what Alice found there /
_cBy Lewis Carroll : Reimagined and illustrated by Christopher Myers
260 _aNew York :
_bScholastic ,
_c2007 .
300 _a32 unnumbered pages :
_bcolor illustrations ;
_c28 cm .
520 _aAn illustrated version of the classic nonsense poem from "Through the Looking Glass."
650 _aNonsense poetry
_vFiction
650 _aAlice in Wonderland
_vFiction
700 _aMyers , Christopher
_eIllustrator
942 _2ddc
_cBK
_n0
999 _c10051
_d10051